000 00284nam a22001337a 4500
008 171024b xxu||||| |||| 00| 0 eng d
020 _a0205102816
041 _aeng
080 _a311
100 _a55
101 _aSTA
245 _aBUSINESS STATISTICS
_cMEEK,G.E
942 _2udc
_cBK
999 _c35757
_d35757